Química orgánica o del carbono: Ciencia de la naturaleza, segundo grado del segundo ciclo del nivel medio / Violeta Morales (Registro nro. 1340)

Detalles MARC
000 -LEADER
fixed length control field 00559nam a22001931a 4500
001 - CONTROL NUMBER
control field 1340
003 - CONTROL NUMBER IDENTIFIER
control field OSt
005 - DATE AND TIME OF LATEST TRANSACTION
control field 20260204211730.0
008 - FIXED-LENGTH DATA ELEMENTS--GENERAL INFORMATION
fixed length control field 040119s1999||||dr ||||||b||||||||||spa||
050 ## - LIBRARY OF CONGRESS CALL NUMBER
Classification number RD 547.1 M792q
082 ## - DEWEY DECIMAL CLASSIFICATION NUMBER
Classification number RD 547.1 M792q
100 ## - ASIENTO PRINCIPAL -- NOMBRE PERSONAL
Personal name Morales, Violeta
245 ## - TÍTULO PROPIAMENTE DICHO: SUBTÍTULO
Title Química orgánica o del carbono: Ciencia de la naturaleza, segundo grado del segundo ciclo del nivel medio / Violeta Morales
264 ## - PRODUCTION, PUBLICATION, DISTRIBUTION, MANUFACTURE, AND COPYRIGHT NOTICE
Place of production, publication, distribution, manufacture Santo Domingo : SEEC
300 ## - PHYSICAL DESCRIPTION
Extensión 105 P.
650 ## - ASIENTO SECUNDARIO DE MATERIA -- TERMINO TEMÁTICO
Termino Temático Como Elemento de Entrada 1.Química Orgánica
700 ## - ASIENTO SECUNDARIO -- NOMBRE PERSONAL
Personal name Caro, ElenaÌ
942 ## - ADDED ENTRY ELEMENTS (KOHA)
Source of classification or shelving scheme Dewey Decimal Classification
Koha item type Libros
Existencias
Withdrawn status Lost status Source of classification or shelving scheme Damaged status Not for loan Current library Date acquired Full call number Barcode Date last seen Price effective from Koha item type Total Checkouts
    Dewey Decimal Classification Descartado para donación   Biblioteca UTECO 09/09/2019 RD 547.1 M792Q 002782 09/09/2019 09/09/2019 Libros  
    Dewey Decimal Classification     Biblioteca UTECO 09/09/2019 RD 547.1 M792Q 002783 09/09/2019 09/09/2019 Libros  
    Dewey Decimal Classification     Biblioteca UTECO 09/09/2019 RD 547.1 M792Q 002784 09/09/2019 09/09/2019 Libros  
    Dewey Decimal Classification Dañado   Biblioteca UTECO 09/09/2019 RD 547.1 M792Q 002785 09/09/2019 09/09/2019 Libros  
    Dewey Decimal Classification Descartado para donación   Biblioteca UTECO 09/09/2019 RD 547.1 M792Q 002786 09/09/2019 09/09/2019 Libros  
    Dewey Decimal Classification     Biblioteca UTECO 09/09/2019 RD 547.1 M792Q 002787 09/09/2019 09/09/2019 Libros  
    Dewey Decimal Classification Descartado para donación   Biblioteca UTECO 09/09/2019 RD 547.1 M792Q 002788 09/09/2019 09/09/2019 Libros  
    Dewey Decimal Classification Descartado para donación   Biblioteca UTECO 09/09/2019 RD 547.1 M792Q 002789 09/09/2019 09/09/2019 Libros  
    Dewey Decimal Classification Descartado para donación   Biblioteca UTECO 09/09/2019 RD 547.1 M792Q 006327 09/09/2019 09/09/2019 Libros  
    Dewey Decimal Classification     Biblioteca UTECO 09/09/2019 RD 547.1 M792Q 006328 09/09/2019 09/09/2019 Libros  
© 2021 Derechos Reservados UTECO - Teléfono: +1 809-585-2291 - Correo electrónico: biblioteca@uteco.edu.do​  
Código postal 43000 ​​
Dirección: Avenida Universitaria No. 100, 
Cotuí, Provincia Sánchez Ramírez, República Dominicana - RNC: 404-00059-6